Juicio oral penal Reforma Procesal Penal en Oaxaca /

Detalles Bibliográficos
Autor principal: Carmona Castillo, Gerardo A.
Formato: Desconocido
Lenguaje:español
Publicado: Mx̌ico : Jurd̕ica de las Americas, 2009
Materias:
Acceso en línea:Acceso restringido

MARC

LEADER 00000ny a22000003n 4500
005 2011052703223.0
008 100325s mx 000 0 spa d
020 |a 9789689368670 
035 |a 3288 
040 |a BUS  |d vLex 
090 |c 310  |d 310 
100 1 |a Carmona Castillo, Gerardo A. 
245 1 0 |a Juicio oral penal  |h [Recurso electrn̤ico]  |b Reforma Procesal Penal en Oaxaca /  |c Gerardo A. Carmona Castillo 
256 |a Servicio en ln̕ea 
260 |a Mx̌ico :  |b Jurd̕ica de las Americas,  |c 2009 
300 |a v. 
506 1 |a Contenido solo disponible en los productos indicados  |d vLex Global  |d vLex Global (Academic Edition, excluding Law Schools)  |d vLex Global (U.S. Academic Edition, Law Schools)  |d vLex Global (U.S. Academic Edition, excluding Law Schools)  |d vLex Global (Academic Edition, Law Schools) 
650 0 4 |a Derecho Penal  |z Mx̌ico  |z Oaxaca 
740 0 |a vLex Libros (Servicios en ln̕ea) 
856 4 0 |u http://vlex.com/source/3288  |z Acceso restringido 
942 |c BOOK 
999 0 |a Criminal Law   |b Mx̌ico